000 01075cam a2200217 4500
001 L129478
008 110922n2005 000 0 eng u
020 _a0110727967
035 _a(Sirsi) u129478
041 _aeng
050 _a346.41013
_c18
245 4 _aThe Disability Discrimination Act 1995 (Commencement No 11) Order 2005
260 _aLondon
_bHMSO
_c2005
490 _aSI
_v2005: 1122
520 _aProvides for the coming into force of the Disability Discrimination Act 1995 s49. Relates to provisions in the Act about the granting of accessibility certificates and approval certificates in respect of public service vehicles. See explanatory note for full details.
650 _aDISABILITY DISCRIMINATION ACT 1995 (COMMENCEMENT NO 11) ORDER 2005
650 _aDISABILITY DISCRIMINATION ACT 1995
690 _aMANAGEMENT-BUSINESS MANAGEMENT-DISCRIMINATION-DISABILITY DISCRIMINATION-ACCESSIBILITY
856 _uhttps://www.legislation.gov.uk/uksi/2005/1122/pdfs/uksi_20051122_en.pdf
_zView this item free of charge at www.legislation.gov.uk
942 _n0
999 _c104211
_d104211